ARRUPE JESUIT UNIVERSITY

CORONAVIRUS -STOP THE SPREAD - CLEAN,DISINFECT,COVER

The discovery of being : (Record no. 123094)

MARC details
000 -LEADER
fixed length control field 00857cam a2200289 a 4500
001 - CONTROL NUMBER
control field 4483985
005 - DATE AND TIME OF LATEST TRANSACTION
control field 20150826102806.0
008 - FIXED-LENGTH DATA ELEMENTS--GENERAL INFORMATION
fixed length control field 830329s1983 nyu b 001 0 eng
010 ## - LIBRARY OF CONGRESS CONTROL NUMBER
LC control number 83004282
020 ## - INTERNATIONAL STANDARD BOOK NUMBER
International Standard Book Number 0393017907
035 ## - SYSTEM CONTROL NUMBER
System control number (OCoLC)9413047
035 ## - SYSTEM CONTROL NUMBER
System control number (OCoLC)ocm09413047
035 ## - SYSTEM CONTROL NUMBER
System control number (NNC)4483985
040 ## - CATALOGING SOURCE
Original cataloging agency DLC
Transcribing agency DLC
Modifying agency NNUT
-- CStRLIN
050 0# - LIBRARY OF CONGRESS CALL NUMBER
Classification number BF204.5
Item number .M247 1983
090 ## - LOCALLY ASSIGNED LC-TYPE CALL NUMBER (OCLC); LOCAL CALL NUMBER (OCLC)
Classification number (OCLC) (R) ; Classification number, CALL (RLIN) (NR) BF204.5
Local cutter number (OCLC) ; Book number/undivided call number, CALL (RLIN) .M247 1983
100 1# - MAIN ENTRY--PERSONAL NAME
Personal name May, Rollo.
9 (RLIN) 18735
245 14 - TITLE STATEMENT
Title The discovery of being :
Remainder of title writings in existential psychology /
Statement of responsibility, etc Rollo May.
250 ## - EDITION STATEMENT
Edition statement 1st ed.
260 ## - PUBLICATION, DISTRIBUTION, ETC. (IMPRINT)
Place of publication, distribution, etc New York :
Name of publisher, distributor, etc Norton,
Date of publication, distribution, etc c1983.
300 ## - PHYSICAL DESCRIPTION
Extent 192 p. ;
Dimensions 22 cm.
504 ## - BIBLIOGRAPHY, ETC. NOTE
Bibliography, etc Includes bibliographical references and index.
650 #0 - SUBJECT ADDED ENTRY--TOPICAL TERM
Topical term or geographic name as entry element Existential psychology.
9 (RLIN) 18736
650 #0 - SUBJECT ADDED ENTRY--TOPICAL TERM
Topical term or geographic name as entry element Existential psychotherapy.
9 (RLIN) 18737
942 ## - ADDED ENTRY ELEMENTS (KOHA)
Source of classification or shelving scheme Library of Congress Classification
Item type Monograph ( Printed materials)
Holdings
Withdrawn status Lost status Source of classification or shelving scheme Damaged status Not for loan Collection code Home library Current library Shelving location Date acquired Total Checkouts Full call number Barcode Date last seen Date last borrowed Price effective from Koha item type
    Library of Congress Classification     Main Collection ARRUPE LIBRARY ARRUPE LIBRARY Main Collection 26/08/2015 2 BF204.5 .M247 1983 46003003606 08/09/2023 30/08/2023 26/08/2015 Monograph ( Printed materials)
    Library of Congress Classification       ARRUPE LIBRARY ARRUPE LIBRARY   26/08/2015   BF204.5 .M247 1983   26/08/2015   26/08/2015 Monograph ( Printed materials)

 

Arrupe Library. PO Box MP320 Mt Pleasant, Harare, Zimbabwe
263 242 745411|librarian@aju.ac.zw